|
|
|
|
| LEADER |
00000cam a2200000 a 4500 |
| 001 |
UCE2737 |
| 003 |
CL-VaPUC |
| 008 |
140724e20120000cl |||||||||||||||||spa|d |
| 041 |
0 |
7 |
|a spa
|2 CL-VaPUC
|
| 041 |
0 |
7 |
|a aym
|2 CL-VaPUC
|
| 041 |
0 |
7 |
|a rap
|2 CL-VaPUC
|
| 082 |
0 |
4 |
|a 346.013
|b SER
|2 21
|
| 110 |
2 |
|
|a SERNAM
|e author
|9 575311
|
| 710 |
2 |
|
|a Servicio Nacional de la Mujer
|e author
|9 575312
|
| 245 |
1 |
0 |
|a Convención sobre la eliminación de todas las formas de discriminación contra la mujer
|
| 250 |
|
|
|a 1a. ed
|
| 300 |
|
|
|a 79 p
|
| 942 |
|
|
|c BK
|
| 945 |
|
|
|d 20140724 10:48:00
|a dcastane
|
| 260 |
|
|
|a Santiago
|b SERNAM
|c 2012
|
| 500 |
|
|
|a Incluye CD
|
| 650 |
|
0 |
|a Derechos de la mujer
|9 257074
|
| 650 |
|
0 |
|a Discriminación
|9 335101
|
| 583 |
|
|
|a last modification
|c 20140724 10:48:00
|k Rodrigo Vera
|
| 999 |
|
|
|c 356312
|d 356310
|
| 952 |
|
|
|0 0
|1 0
|3 erb
|4 0
|6 346_013000000000000_SER_2012
|7 0
|8 A
|9 463581
|a BIBGIM
|b BIBGIM
|i 5089778
|l 2
|o 346.013 SER 2012
|p 5089778
|r 2025-01-15
|s 2023-04-06
|w 2019-11-23
|y BK
|z Catalogado en:20140724
|k SSL
|